000 00999nam a2200313 i 4500
001 C2-0323590
003 PPAK
005 20210803094539.0
008 131104s2012 my a|||| ||||| | may d
020 _a9789834607890
_qpaperback
040 _aPPAK
_beng
_cPPAK
_erda
082 0 4 _a639.377409595
_223
090 0 0 _a639.377409595
_bAHM
_dG
090 2 0 _a639.377409595
_bAHM
_dKAO
100 0 _aAhmad Fuad Ahmad,
_eauthor
245 1 0 _aPENGELUARAN BENIH IKAN TILAPIA /
_cAHMAD FUAD AHMAD
264 1 _aKuala Lumpur :
_bDewan Bahasa dan Pustaka ,
_c2012
300 _axv, 179 pages :
_bcolour illustrations ;
_c23 cm
336 _2rdacontent
_atext
337 _2rdamedia
_aunmediated
338 _2rdacarrier
_avolume
500 _aIncludes index.
504 _aBibliography : pages 171-175.
650 1 0 _aTilapia
_xBreeding
_zMalaysia.
650 2 0 _aFishes
_xBreeding
_zMalaysia.
650 2 0 _aFreshwater fishes
_zMalaysia.
650 2 0 _aFish hatcheries
_zMalaysia.
942 _cB
_2ddc
999 _c123646
_d123646